000 00481nam a22001577a 4500
999 _c523430
_d523430
020 _a9781780332000
082 _aK95 D961
100 _aDweck, Carol S.
_939996
245 _aMindset: changing the way you think to fulfil your potential
_cby Carol S. Dweck
260 _aNew York
_bRobinson
_c2017
300 _a301p.
650 _aSelf- actualization
_939997
650 _aSelf confidence
_939998
650 _aPsychology
_939999
650 _aSuccess - Psychological aspects
_940000